00000000nam##2200000za#4500
0019.616659
003CaOODSP
00520211126112847
007ta
008150406|2003||||xxc|||||     f|0| 0 eng|d
022 |a1192-5434
040 |aCaOODSP|beng
043 |an-cn---
0861 |aFB3-2/103-38E
1102 |aBank of Canada.
24510|aSimple monetary policy rules in an open-economy, limited-participation model / |cby Scott Hendry, Wai-Ming Ho, and Kevin Moran.
260 |bBank of Canada |c2003.
300 |avi, 61p. : |bfigs., references, tables ; |c28 cm.
4901 |aWorking paper|x1192-5434|v2003-38
5203 |aThis working paper is part of a series that examines a range of economic and financial issues of interest to bankers, economists and policymakers.
546 |a(Résumés en français.)
563 |aSoftcover
590 |a04-03|b2004-01-16
69007|aMonetary policy|2gcpds
7201 |aHendry, Scott
7201 |aMoran, Kevin
7201 |aHo, Wai-Ming
7760#|tSimple monetary policy rules in an open-economy, limited-participation model / |w(CaOODSP)9.580607
830#0|aWorking paper,|x1192-5434|v2003-38|w(CaOODSP)9.514622